Statistiques concernant ALGERIE

Cliquez ici pour prendre le quiz!

Statistiques générales

  • Ce quiz a été pris 1 329 fois
  • Le résultat moyen est 13 sur 15

Statistiques - réponses

HintRéponse% Correct
Quel plat algérien le plus connu ?couscous
97%
Quelle est la superficie de l'Algérie ?2,382 millions km²
94%
Quand l'Algérie a connu son indépendance ?5 juillet 1962
94%
quelles sont les langues officielles ?arabe berbere
94%
la religion de l'État est...islam sunnite
94%
Qui est le président actuel ?Abdelmadjid Tebboune
93%
quelles sont les couleurs du drapeau?blanc vert rouge
93%
Que disent souvent les Algériens pour montrer leur fierté ?tahia djazair / 123 viva l'Algerie
91%
Quelle est la devise monétaire algérienne ?dinar
88%
combien y-a t-il d'habitan ?environ 45 millions
87%
L'Équipe nationale d'Algérie a eu combien de matchs sans defaite ?35
86%
Comment sont appelés les Algériens qui se sont battus aux côtés de la france pendant la guerre (1954-1962) ?Les harkis
85%
l'Algérie est le combientième plus grand pays du monde?10
76%
combien ya t-il de wilaya ?58
73%
Quelle est la devise nationale de l'Algérie?Par le peuple et pour le peuple
47%

Distribution des résultats

Percentile par nombre de réponses

% des personnes avec chaque résultat

Votre développement - résultats

Vous n’avez pas pris ce quiz